| 000 | 00000nas##2200000za#4500 |
| 001 | 9.507036 |
| 003 | CaOODSP |
| 005 | 20200325093206 |
| 007 | cr ||||||||||| |
| 008 | 150406c2000||||xxc|| p o||||f| |0eng|d |
| 022 | |a1497-1143 |
| 040 | |aCaOODSP|beng |
| 043 | |an-cn--- |
| 086 | 1 |aH33-2E-PDF |
| 110 | 1 |aCanada. |bHealth Canada. |bFirst Nations and Inuit Health Branch. |
| 245 | 10|aAnnual report, First Nations and Inuit Control |h[electronic resource] |
| 260 | |aOttawa - Ontario : |bHealth Canada. |
| 310 | |aAnnual |
| 362 | 1 |a1999-2000-- |
| 775 | 08|tRapport annuel, transfert du contrôle aux communautés des Premières nations et des Inuits |w(CaOODSP)9.503428 |